000 00401nam a22001577a 4500
003 MPLRDC
005 20220104143621.0
008 210129b ||||| |||| 00| 0 eng d
082 _a947.412 SDY v.1
100 _a寺岛优
245 _a三国志. 卷一: 桃园结义
_c李志清 绘
260 _a
_bTOP漫画工作室
_c
300 _b
650 _a改编漫画
942 _cBK
_o947.412 SDY v.1
999 _c41661
_d41651